| 000 | 01085nas a2200289 4500 | ||
|---|---|---|---|
| 001 | BR9200869 | ||
| 003 | BR-BrBNA | ||
| 005 | 20231205092322.0 | ||
| 007 | ta | ||
| 008 | 230509b bl.|||p| |||| 00| 00por d | ||
| 040 |
_aBR-BrBNA _bpor _cBiblioteca Nacional de Agricultura |
||
| 041 | _a(Pt) | ||
| 072 | _aH10 | ||
| 100 | 1 | _aSantos, G.P. | |
| 100 | 1 | _aAnjos, N. dos | |
| 100 | 1 | _aZanuncio, J.C. | |
| 100 | 1 | _aZanuncio, T.V. | |
| 245 | 1 | _aEficiencia de diflubenzuron a "lagarta-parda" do eucalipto, Thyrinteina arnobia Stoll, 1782 (Lepidoptera, Geometridae), em condicoes de laboratorio e campo | |
| 246 | 1 | _aEfficiency of diflubenzuron against the eucalyptus gray-caterpillar, Thyrinteina arnobia Stoll, 1782 (Lepidoptera, Geometridae)in laboratory and field conditions | |
| 650 | _aEUCALIPTO | ||
| 650 | _aLEPIDOPTERO | ||
| 650 | _aINSETICIDA | ||
| 650 | _aCONTROLE QUIMICO | ||
| 773 | 0 |
_tAnais da Sociedade Entomologica do Brasil (Brazil) _xISSN 0301-8059 _g(1990), v. 19(2) p. 245-354 _wBR9200869 |
|
| 909 |
_a202311 _bLúcia _c55 _dLúcia Elande |
||
| 942 |
_2AGRIS _n0 _cANA |
||
| 999 |
_c130897 _d130897 |
||